000
00224 a2200097 4500
001
37986
100
_a
Sharif M M
245
_a
A History of Muslim Philosophy
260
_a
Karachi
_b
Royal Book
_c
1963
090
_c
24165
_d
24165
942
_a
NUST-CAE
_c
M
_c
15742
999
_c
273059
_d
273059